000 00243nam a22000857a 4500
008 161202b xxu||||| |||| 00| 0 eng d
100 _91731
_aArya,A.B., etal
245 _aOpen Windows A Course in English : Work Book-4
260 _aNew Delhi
_bPencraft
999 _c4440
_d4440